<?xml version="1.0" encoding="UTF-8"?>
<record
    xmlns:xsi="http://www.w3.org/2001/XMLSchema-instance"
    xsi:schemaLocation="http://www.loc.gov/MARC21/slim http://www.loc.gov/standards/marcxml/schema/MARC21slim.xsd"
    xmlns="http://www.loc.gov/MARC21/slim">

  <leader>01892namaa22003857i 4500</leader>
  <controlfield tag="001">768714001</controlfield>
  <controlfield tag="003">CO-MdFUSB</controlfield>
  <controlfield tag="005">20260512152520.0</controlfield>
  <controlfield tag="007">cr aa aaaaa</controlfield>
  <controlfield tag="008">180403s2025   ck ||||| |||| 00| 0 spa dd</controlfield>
  <datafield tag="040" ind1=" " ind2=" ">
    <subfield code="a">CO-MdFUSB</subfield>
    <subfield code="b">Espa&#xF1;ol</subfield>
    <subfield code="c">CO-MdFUSB</subfield>
    <subfield code="d">CO-MdFUSB</subfield>
  </datafield>
  <datafield tag="041" ind1=" " ind2=" ">
    <subfield code="a">spa</subfield>
  </datafield>
  <datafield tag="043" ind1=" " ind2=" ">
    <subfield code="a">ck</subfield>
  </datafield>
  <datafield tag="100" ind1=" " ind2=" ">
    <subfield code="a">Lorduy Manjarr&#xE9;z, Kevin David,  </subfield>
    <subfield code="e">autor</subfield>
  </datafield>
  <datafield tag="245" ind1=" " ind2="3">
    <subfield code="a">El llamado de Jes&#xFA;s a los indigentes : </subfield>
    <subfield code="b">humanizaci&#xF3;n y dignificaci&#xF3;n, responsabilidad eclesial </subfield>
    <subfield code="c">/ Kevin David Lorduy Manjarr&#xE9;z ; asesorado por Daniel Salinas</subfield>
  </datafield>
  <datafield tag="264" ind1=" " ind2="1">
    <subfield code="a">Medell&#xED;n, Colombia :</subfield>
    <subfield code="b">FUSBC,</subfield>
    <subfield code="c">2025</subfield>
  </datafield>
  <datafield tag="300" ind1=" " ind2=" ">
    <subfield code="a">Recurso electr&#xF3;nico</subfield>
  </datafield>
  <datafield tag="336" ind1=" " ind2=" ">
    <subfield code="2">rdacontent</subfield>
    <subfield code="a">texto</subfield>
    <subfield code="b">txt</subfield>
  </datafield>
  <datafield tag="337" ind1=" " ind2=" ">
    <subfield code="2">rdamedia</subfield>
    <subfield code="a">inform&#xE1;tico</subfield>
    <subfield code="b">c</subfield>
  </datafield>
  <datafield tag="338" ind1=" " ind2=" ">
    <subfield code="2">rdacarrier</subfield>
    <subfield code="a">remoto</subfield>
    <subfield code="b">cr</subfield>
  </datafield>
  <datafield tag="502" ind1=" " ind2=" ">
    <subfield code="a">Trabajo de grado</subfield>
    <subfield code="b">(Teolog&#xED;a) --</subfield>
    <subfield code="c">Fundaci&#xF3;n Universitaria Seminario B&#xED;blico de Colombia,</subfield>
    <subfield code="d">2025</subfield>
  </datafield>
  <datafield tag="504" ind1=" " ind2=" ">
    <subfield code="a">Bibliograf&#xED;a (p&#xE1;gina 24-26)</subfield>
  </datafield>
  <datafield tag="506" ind1=" " ind2=" ">
    <subfield code="a">Acceso en l&#xED;nea</subfield>
  </datafield>
  <datafield tag="520" ind1=" " ind2=" ">
    <subfield code="a">Este art&#xED;culo analiza la relaci&#xF3;n entre el Evangelio de Juan y la realidad de los marginados, enfoc&#xE1;ndose en la habitabilidad de calle. A trav&#xE9;s de la ex&#xE9;gesis de Juan 5, 6 y 9, se muestra c&#xF3;mo Jes&#xFA;s ofrece un modelo de intervenci&#xF3;n transformadora. La iglesia est&#xE1; llamada a encarnar este mensaje mediante acciones concretas que promuevan la
restauraci&#xF3;n de la dignidad y la humanizaci&#xF3;n de los vulnerables. El estudio destaca la necesidad de una misi&#xF3;n integral que fomente la inclusi&#xF3;n social, la sanidad integral y la transformaci&#xF3;n de la visi&#xF3;n de la iglesia hacia aquellos que sufren deshumanizaci&#xF3;n.</subfield>
  </datafield>
  <datafield tag="653" ind1=" " ind2=" ">
    <subfield code="a">Marginados</subfield>
  </datafield>
  <datafield tag="653" ind1=" " ind2=" ">
    <subfield code="a">Habitante de calle</subfield>
  </datafield>
  <datafield tag="653" ind1=" " ind2=" ">
    <subfield code="a">Humanizaci&#xF3;n</subfield>
  </datafield>
  <datafield tag="653" ind1=" " ind2=" ">
    <subfield code="a">Dignificaci&#xF3;n</subfield>
  </datafield>
  <datafield tag="653" ind1=" " ind2=" ">
    <subfield code="a">Encarnaci&#xF3;n</subfield>
  </datafield>
  <datafield tag="700" ind1="1" ind2=" ">
    <subfield code="a">Salinas, Daniel,</subfield>
    <subfield code="e">asesor</subfield>
    <subfield code="9">1279</subfield>
  </datafield>
  <datafield tag="856" ind1=" " ind2=" ">
    <subfield code="a">REPCI</subfield>
  </datafield>
  <datafield tag="942" ind1=" " ind2=" ">
    <subfield code="c">TG</subfield>
  </datafield>
  <datafield tag="945" ind1=" " ind2=" ">
    <subfield code="a">JTF-925</subfield>
  </datafield>
  <datafield tag="952" ind1=" " ind2=" ">
    <subfield code="0">0</subfield>
    <subfield code="1">0</subfield>
    <subfield code="2">ddc</subfield>
    <subfield code="4">0</subfield>
    <subfield code="7">0</subfield>
    <subfield code="8">TG</subfield>
    <subfield code="a">FUSBC</subfield>
    <subfield code="b">FUSBC</subfield>
    <subfield code="c">RE</subfield>
    <subfield code="d">2025-10-07</subfield>
    <subfield code="l">0</subfield>
    <subfield code="o">REPCI</subfield>
    <subfield code="r">2025-10-07 00:00:00</subfield>
    <subfield code="t">Ej. 1</subfield>
    <subfield code="w">2025-10-07</subfield>
    <subfield code="y">TG</subfield>
    <subfield code="z">RECURSO EN REPCI- Seguir el link de acceso</subfield>
    <subfield code="A"></subfield>
    <subfield code="B"></subfield>
  </datafield>
  <datafield tag="999" ind1=" " ind2=" ">
    <subfield code="c">71485</subfield>
    <subfield code="d">71485</subfield>
  </datafield>
</record>
